000 00978nam a2200277Ia 4500
003 OSt
005 20221005110811.0
006 a|||||r|||| 00| 0
007 ta
008 221004b |||||||| |||| 00| 0 hin d
020 _a9788171785278 (hbk)
_c300
024 _a10961
037 _b8178, 20/03/2014, Rajkamal Prakashan Pvt. Ltd.
_cTextual
040 _aCRL
_cCRL
_bhin
041 _2hin
_ahin
082 _aO152,3N25,PP, Q2
100 _aशुक्ल, श्रीलाल
245 0 _aपहला पड़ाव
246 _aPahalā paड़āva
250 _a4 संसकरण
260 _aनई दिल्ली
_bराजकमल प्रकाशन भारत
_c2012
300 _a243पृ0
_ccm.
650 _aहिन्दी साहित्य
942 _hO152,3N25,PP, Q2
_cTEXL
_2cc
999 _c1019926
_d1019926